000 00586cam a2200205 4500
008 000000n2000 000 0 eng u
020 _a1860814441
035 _a(Sirsi) u110256
041 _aENG
050 _a690.0285
110 _aBuilding Centre Trust
_93162
245 _aIT for a specialist one-man design practice: James Eaton
260 _aLondon
_bCRC Ltd
_c2000
300 _a8p. ; 30cm.
490 _aIT Case Study
_v23
650 _aIT
690 _aMANAGEMENT-BUSINESS MANAGEMENT-INFORMATION MANAGEMENT
710 _aBuilding Research Establishment
942 _n0
999 _c101081
_d101081